| 000 | 01783cam a2200349 a 4500 | ||
|---|---|---|---|
| 001 | 000013037 | ||
| 003 | UkOxU | ||
| 005 | 20200929163127.0 | ||
| 008 | 990305s1998 ve b 000 0 spa d | ||
| 020 | _a9800013237 | ||
| 020 | _a9800751130 | ||
| 035 | _a(NNC)notisAPA3477 | ||
| 035 | _a(OCoLC)ocm40907924 | ||
| 035 | _a(CStRLIN)NYCGAPA3477-B | ||
| 040 |
_aDO-SdBNP _cPIT |
||
| 043 | _as-ve--- | ||
| 245 | 0 | 0 |
_aDescentralización, gobierno y democracia / _cCarlos Mascareño, coordinador ; Ramón J. Velásquez ... [et al.]. |
| 260 |
_aCaracas : _bCENDES : _bG-Local, _c1998. |
||
| 300 |
_a308 p. ; _c24 cm. |
||
| 500 | _a"...Recoge las conferencias y la discusión de la Cátedra que se demoninó 'Descentralización, Gobierno y Futuro Democrático en Venezuela', realizada en 1997 en el marco del V Aniversario de la Asociación Gerencia y Gestión Local, G-Local, contando con los auspicios del Centro de Estudios del Desarrollo, CENDES, de la UCV y del Consejo Nacional de Investigaciones Científicas y Tecnológicas de Venezuela, CONICIT."--Back cover. | ||
| 504 | _aIncludes bibliographical references. | ||
| 650 | 0 |
_aDecentralization in government _zVenezuela. _930130 |
|
| 650 | 0 |
_aLocal government _zVenezuela. _930131 |
|
| 650 | 0 |
_aPolitical participation _zVenezuela. _930132 |
|
| 700 | 1 |
_aMascareño, Carlos. _930133 |
|
| 700 | 1 |
_aVelásquez, Ramón J. _96716 |
|
| 710 | 2 |
_aUniversidad Central de Venezuela. _bCentro de Estudios del Desarrollo. _930134 |
|
| 710 | 2 |
_aConsejo Nacional de Investigaciones Científicas y Tecnológicas (Venezuela) _930135 |
|
| 710 | 2 |
_aAsociación Gerencia y Gestión Local. _930136 |
|
| 852 |
_711537591 _yAvailable |
||
| 910 | _aCatalogación por copia / Oxford | ||
| 999 |
_c12681 _d12681 |
||